000 01404nam a2200373 c 4500
003 BLK
005 20240924093922.0
008 180411b bul|||||r ||||||| ||bul||
010 _aKNG00189338000
020 _a978-954-389-396-6
_bиздат.: Ера
040 _aBLK
041 _aBUL
_cBUL
072 7 _2bullib
_aН8301
_xТрилъри Н
080 _aАмериканска литература (на САЩ)
_b821.111(73)
_x-312.4
_z821.111(73)-312.4
100 1 _aДивър, Джефри Уилдс
_eпърви автор
_9366681
700 _aЧернева, Юлия Недкова
_d1955-
_9365526
139 _aДивър, Джефри Уилдс
_bД 53
245 1 0 _aСтоманена целувка
_bРоман
_cДжефри Уилдс Дивър; прев. от англ. Юлия Недкова Чернева.
257 _aUSA
260 София
_bЕра
_c2016
_fСофия : Експреспринт
300 _a455 с.
_c20 см
380 _aX
490 1 _aЕратрилър
500 _aОриг. загл. The Steel Kiss / Jeffery Deaver.
653 _aкрими
653 _aромани
659 _aН
852 _aЦб 281584
856 4 _qpdf
_u
856 4 _qpdf
_u
942 _cKNG
_n0
_0105
944 _aCR
_c20.07.2016
_lЦветелина Шанова
_k30531
944 _aED
_c03.02.2017
_lф /
_kЛюдмила_Стоянова
999 _c180481
_d180481